<?xml version="1.0" encoding="UTF-8"?>
<record
    xmlns:xsi="http://www.w3.org/2001/XMLSchema-instance"
    xsi:schemaLocation="http://www.loc.gov/MARC21/slim http://www.loc.gov/standards/marcxml/schema/MARC21slim.xsd"
    xmlns="http://www.loc.gov/MARC21/slim">

  <leader>01905nam a2200241   4500</leader>
  <controlfield tag="001">ESSALUD</controlfield>
  <controlfield tag="007">ta</controlfield>
  <controlfield tag="008">      t2026    pe ||||| |||| 00| 0 spa d</controlfield>
  <datafield tag="040" ind1=" " ind2=" ">
    <subfield code="a">BMG</subfield>
  </datafield>
  <datafield tag="041" ind1=" " ind2=" ">
    <subfield code="a">spa</subfield>
  </datafield>
  <datafield tag="100" ind1=" " ind2=" ">
    <subfield code="a">P&#xE9;rez Cuello, M&#xF3;nica</subfield>
    <subfield code="e">autor</subfield>
    <subfield code="9">52705</subfield>
  </datafield>
  <datafield tag="245" ind1=" " ind2=" ">
    <subfield code="a">Mediastinoscop&#xED;a modificada con &#xF3;ptica de toracoscop&#xED;a para el estadiaje invasivo del c&#xE1;ncer de pulm&#xF3;n no microc&#xED;tico en un hospital de Lima, Per&#xFA;</subfield>
  </datafield>
  <datafield tag="300" ind1=" " ind2=" ">
    <subfield code="a">p&#xE1;ginas 58-62</subfield>
  </datafield>
  <datafield tag="520" ind1=" " ind2=" ">
    <subfield code="a">En centros donde no se dispone de videomediastinoscopia (VAM) ni ultrasonido endobronquial (EBUS), la cirug&#xED;a es esencial para el diagn&#xF3;stico y estadiaje de C&#xE1;ncer de pulm&#xF3;n no microc&#xED;tico (CPNM). Experiencia inicial con mediastinoscopia modificada con &#xF3;ptica de toracoscopia (MMOT) y sus resultados en el estadiaje invasivo del CPNM. Se reporta una serie de seis casos con diagn&#xF3;stico de CPNM estadio cl&#xED;nico IIb- IIIb sometidos a MMOT en el Hospital Nacional Guillermo Almenara Irigoyen (HNGAI) entre marzo y junio del 2025. Se describe la t&#xE9;cnica quir&#xFA;rgica, caracter&#xED;sticas cl&#xED;nicas, hallazgos quir&#xFA;rgicos y resultados inmediatos. La t&#xE9;cnica permiti&#xF3; un adecuado acceso y visualizaci&#xF3;n de las estaciones ganglionares 2R , 4R, 4L y 7 en todos los casos sin registrarse complicaciones en el postoperatorio. Conclusi&#xF3;n: la MMOT es una alternativa segura y factible para estadiaje invasivo del mediastino en CPNM en centros sin acceso a VAM o EBUS.</subfield>
  </datafield>
  <datafield tag="650" ind1=" " ind2=" ">
    <subfield code="a">MEDIASTINOSCOP&#xCD;A</subfield>
    <subfield code="9">52706</subfield>
  </datafield>
  <datafield tag="650" ind1=" " ind2=" ">
    <subfield code="a">CARCINOMA DE PULM&#xD3;N DE C&#xC9;LULAS NO PEQUE&#xD1;AS</subfield>
    <subfield code="9">34582</subfield>
  </datafield>
  <datafield tag="650" ind1=" " ind2=" ">
    <subfield code="a">ESTADIFICACI&#xD3;N DE NEOPLASIAS</subfield>
    <subfield code="9">36613</subfield>
  </datafield>
  <datafield tag="650" ind1=" " ind2=" ">
    <subfield code="a">NEOPLASIAS PULMONARES</subfield>
    <subfield code="9">11731</subfield>
  </datafield>
  <datafield tag="700" ind1=" " ind2=" ">
    <subfield code="a">Palacios Le&#xF3;n, Jos&#xE9;</subfield>
    <subfield code="e">autor</subfield>
    <subfield code="9">52707</subfield>
  </datafield>
  <datafield tag="700" ind1=" " ind2=" ">
    <subfield code="a">Taipe Mallqui, Ricardo Luis</subfield>
    <subfield code="e">autor</subfield>
    <subfield code="9">52708</subfield>
  </datafield>
  <datafield tag="773" ind1="0" ind2=" ">
    <subfield code="0">22497</subfield>
    <subfield code="9">22595</subfield>
    <subfield code="d">Lima :  IETSI</subfield>
    <subfield code="o">CITES01</subfield>
    <subfield code="t">Ciencia y Tecnolog&#xED;a aplicada a la Salud P&#xFA;blica</subfield>
    <subfield code="w">ESSALUD</subfield>
    <subfield code="x">3119-7981</subfield>
  </datafield>
  <datafield tag="942" ind1=" " ind2=" ">
    <subfield code="c">ARTICULOS</subfield>
    <subfield code="e">2026-06-11</subfield>
    <subfield code="z">AFC</subfield>
  </datafield>
  <datafield tag="999" ind1=" " ind2=" ">
    <subfield code="c">22524</subfield>
    <subfield code="d">22524</subfield>
  </datafield>
</record>
